Tendencias de la investigación en las ciencias sociales (Registro nro. 4065)

Detalles MARC
000 -LEADER
fixed length control field 01032 a2200229 4500
001 - CONTROL NUMBER
control field 45920
005 - DATE AND TIME OF LATEST TRANSACTION
control field 20260407155731.0
008 - FIXED-LENGTH DATA ELEMENTS--GENERAL INFORMATION
fixed length control field 260407a1972 arg spa d
003 - CONTROL NUMBER IDENTIFIER
control field AR-UNSa-BCEJYS
040 ## - CATALOGING SOURCE
Original cataloging agency AR-UNSa-BCEJYS
Language of cataloging spa
Transcribing agency AR-UNSa-BCEJYS
080 ## - UNIVERSAL DECIMAL CLASSIFICATION NUMBER
Universal Decimal Classification number 303.1
Common auxiliary subdivision Metodología general en la investigación social
020 ## - INTERNATIONAL STANDARD BOOK NUMBER
International Standard Book Number 84-206-2045-9
100 1# - MAIN ENTRY--PERSONAL NAME
Personal name Lazarsfeld, Paul F.
245 10 - TITLE STATEMENT
Title Tendencias de la investigación en las ciencias sociales
264 #1 - PRODUCTION, PUBLICATION, DISTRIBUTION, MANUFACTURE, AND COPYRIGHT NOTICE
Place of production, publication, distribution, manufacture Buenos Aires :
Name of producer, publisher, distributor, manufacturer Alianza
Date of production, publication, distribution, manufacture, or copyright notice 1972
300 ## - PHYSICAL DESCRIPTION
Extent 633 p.
Dimensions 20 cm.
505 ## - FORMATTED CONTENTS NOTE
Formatted contents note Introducción: La situación de las ciencias del hombre dentro del sistema de las ciencias / Jean Piaget – 1. La psicología / Jean Piaget – 2. Problemas generales de la investigación interdisciplinaria y mecanismos comunes / Jean Piaget – 3. La sociología / Paul Lazarsfeld – 4. La ciencia política / W. J. M. Mackenzie – 5. La ciencia económica -
590 ## - LOCAL NOTE (RLIN)
Local note niveau_biblio:m niveau_hierar:0
700 1# - ADDED ENTRY--PERSONAL NAME
Personal name Piaget, Jean
700 1# - ADDED ENTRY--PERSONAL NAME
Personal name Mackenzie, W.J.M.
942 ## - ADDED ENTRY ELEMENTS (KOHA)
Koha item type
Existencias
Withdrawn status Lost status Damaged status Not for loan Home library Current library Shelving location Date acquired Total checkouts Full call number Barcode Date last seen Price effective from Koha item type
        Biblioteca Prof. Eusebio Cleto del Rey Biblioteca Prof. Eusebio Cleto del Rey   07/04/2026   303.1 P579 L45489 07/04/2026 07/04/2026 Libro
        Biblioteca Prof. Eusebio Cleto del Rey Biblioteca Prof. Eusebio Cleto del Rey   07/04/2026   303.1 P579 L45488 07/04/2026 07/04/2026 Libro
        Biblioteca Prof. Eusebio Cleto del Rey Biblioteca Prof. Eusebio Cleto del Rey   07/04/2026   303.1 P579 L53639 07/04/2026 07/04/2026 Libro